000 00624nam a2200229Ia 4500
005 20260430150238.0
008 008 250103s9999 xx 000 0 eng d
037 _aTheses
040 _aCRL
040 _beng
040 _ceng
041 _2eng
041 _aeng
084 _qCRL
100 _aParamvivekdas Sadhu Au.; Bhardwaj Ramesh Gu.
_91236922
245 4 _aThe Brahmavidya of the Mundaka Upanisad in perspective of the svaminarayana darsana
260 _c2021
300 _a325p.
700 _aUniversity of Delhi. Faculty of Arts. Department of Sanskrit
942 _cTH
999 _c1849317
_d1849317